| 000 | 00807nam a2200277Ia 4500 | ||
|---|---|---|---|
| 003 | OSt | ||
| 005 | 20220927105334.0 | ||
| 006 | a|||||r|||| 00| 0 | ||
| 007 | ta | ||
| 008 | 220926b |||||||| |||| 00| 0 eng d | ||
| 020 | _a9780821374405 | ||
| 024 | _a190093 | ||
| 037 | _cReference Collections | ||
| 040 |
_aRTL _cRTL _beng |
||
| 041 |
_2eng _aeng |
||
| 082 | _a"L:4234:5, P8/UN" | ||
| 100 |
_aBeasley Michael _9371784 |
||
| 110 | _aWORLD BANK | ||
| 245 | 0 | _aSourcebook of HIV/AIDS prevention programs. Vol. 2 | |
| 260 |
_aWashington _bWorld Bank _c2008 |
||
| 300 |
_a"xx, 246p" _ccm. |
||
| 490 | _v01330476: V 2: Education sector- Wide approaches | ||
| 700 | _aWORLD BANK | ||
| 942 |
_h"L:4234:5, P8/UN" _cCC |
||
| 999 |
_c691954 _d691954 |
||